Capocannonieri della Coppa del Mondo di calcio - Statistics

Statistiche generali
  • Questo quiz è stato fatto 109 volte
  • Il punteggio medio è 11 su 28
Statistiche sulle risposte
World Cup Top Goalscorer Nation Goals % Corretto
2018 Russia Harry Kane Inghilterra 6
97%
2022 Qatar Kylian Mbappé Francia 8
94%
2002 Corea del Sud/Giappone Ronaldo Brasile 8
94%
1970 Messico Gerd Müller Germania Ovest 10
91%
2006 Germania Miroslav Klose Germania 5
91%
2010 Sudafrica Thomas Müller Germania 5
91%
2014 Brasile James Rodríguez Colombia 6
84%
1982 Spagna Paolo Rossi Italia 6
84%
1966 Inghilterra Eusébio Portogallo 9
60%
1990 Italia Salvatore Schillaci Italia 6
58%
1994 USA (2) Hristo Stoichkov Bulgaria 6
44%
1998 Francia Davor Šuker Croazia 6
43%
1962 Cile (3) Garrincha Brasile 4
36%
1986 Messico Gary Lineker Inghilterra 6
31%
1958 Svezia Just Fontaine Francia 13
29%
1978 Argentina Mario Kempes Argentina 6
27%
1974 Germania Ovest Grzegorz Lato Polonia 7
15%
1962 Cile (4) Vavá Brasile 4
12%
1954 Svizzera Sándor Kocsis Ungheria 11
10%
1994 USA (1) Oleg Salenko Russia 6
9%
1938 Francia Leônidas Brasile 7
8%
1950 Brasile Ademir Brasile 9
7%
1930 Uruguay Guillermo Stábile Argentina 8
6%
1934 Italia Oldřich Nejedlý Cecoslovacchia 5
5%
1962 Cile (6) Leonel Sánchez Cile 4
3%
1962 Cile (1) Flórián Albert Ungheria 4
2%
1962 Cile (5) Dražan Jerković Jugoslavia 4
1%
1962 Cile (2) Valentin Ivanov Unione Sovietica 4
1%
Nessun quiz corrispondente trovato
Distribuzione punteggi
Percentuale di utenti per punteggio
Percentile per numero di risposta
I tuoi punteggi nel tempo
Non hai fatto questo quiz